000 00470nam a22001457a 4500
005 20151019102352.0
008 151007b xxu||||| |||| 00| 0 eng d
050 _aPA2389.
_bS31 1968
100 _aSweet, Waldo E.
_920144
245 _aLectiones prime
_cSweet, Waldo E.
260 _aToronto
_bEncyclopaedia Britannica Educational Corporation
_c1968
300 _avii, 307p.;
_c21cm.
_b2vol.
650 _aLatin language
_2grammar
_920150
942 _2lcc
_cMONOGRAPH
999 _c123478
_d123478